000 00592nam a2200217Ia 4500
005 20241129105744.0
008 241129s9999||||xx |||||||||||||| ||und||
020 _a978-1-138-21321-0
037 _aTB
040 _aARTS
_beng
_cARTS
041 _aeng
_2eng
084 _aR4,(S5) R2
_qARTS
100 _aMcArthur Neil Au.
_9724599
245 0 _aEthics of sex: an introduction
_cMcArthur Neil Au.
260 _aUK
_bRoutledge
_c2022
300 _avi,314p.
365 _aUKP
_b32.99
650 _aPhilosophyEthics
_9726357
942 _cTB
_hR4,(S5) R2
999 _c1225782
_d1225782